NLSUI OPAC header image

On the sociology of international law and international society / (Record no. 28313)

MARC details
000 -LEADER
fixed length control field 00618nam a2200205Ia 4500
005 - DATE AND TIME OF LATEST TRANSACTION
control field 20260122071714.0
008 - FIXED-LENGTH DATA ELEMENTS--GENERAL INFORMATION
fixed length control field 160316s1966 xxu||||| |||| 00| 0 eng d
020 ## - INTERNATIONAL STANDARD BOOK NUMBER
International Standard Book Number 9789024703999 (pbk.)
082 ## - DEWEY DECIMAL CLASSIFICATION NUMBER
Classification number 341.000000
Item number LAN
100 ## - MAIN ENTRY--PERSONAL NAME
Personal name Landheer, Bart
245 ## - TITLE STATEMENT
Title On the sociology of international law and international society /
Statement of responsibility, etc. Bart Landheer
260 ## - PUBLICATION, DISTRIBUTION, ETC.
Place of publication, distribution, etc. The Hague :
Name of publisher, distributor, etc. Kluwer Academic Publishers,
Date of publication, distribution, etc. 1966.
300 ## - PHYSICAL DESCRIPTION
Extent 118 p. ;
Dimensions 23 cm.
365 ## - TRADE PRICE
Price amount Rs. 5,456
650 ## - SUBJECT ADDED ENTRY--TOPICAL TERM
Topical term or geographic name entry element International Law
650 ## - SUBJECT ADDED ENTRY--TOPICAL TERM
Topical term or geographic name entry element Sociological Jurisprudence
650 ## - SUBJECT ADDED ENTRY--TOPICAL TERM
Topical term or geographic name entry element International Society
700 ## - ADDED ENTRY--PERSONAL NAME
Personal name
--
942 ## - ADDED ENTRY ELEMENTS (KOHA)
Source of classification or shelving scheme Dewey Decimal Classification
Koha item type BOOKs
Holdings
Withdrawn status Lost status Damaged status Not for loan Home library Current library Shelving location Date acquired Cost, normal purchase price Total Checkouts Full call number Barcode Date last seen Price effective from Koha item type
        . .   30.05.2017 5456.00   341 LAN 25749 30.05.2017 30.05.2017 BOOKs